Единицы измерений массы и веса в международной системе единиц

Podrobná bibliografie
Hlavní autor: Смирнова Н. А.
Jazyk:ruština
Vydáno: Москва, Изд-во стандартов, 1966
Témata:
Médium: MixedMaterials Kniha
KOHA link:https://koha.lib.tpu.ru/cgi-bin/koha/opac-detail.pl?biblionumber=263119

MARC

LEADER 00000nam0a2200000 4500
001 263119
005 20231101233719.0
035 |a (RuTPU)RU\TPU\book\286104 
090 |a 263119 
100 |a 20140605d1966 km y0rusy50 ca 
101 0 |a rus 
102 |a RU 
105 |a a z 001zy 
200 1 |a Единицы измерений массы и веса в международной системе единиц  |f Н. А. Смирнова 
210 |a Москва  |c Изд-во стандартов  |d 1966 
215 |a 60 с.  |c ил. 
320 |a Библиогр.: с. 58-59 (30 назв.). 
606 1 |a Масса  |x Измерение  |2 stltpush  |3 (RuTPU)RU\TPU\subj\41140  |9 60957 
606 1 |a Вес  |x Измерение  |2 stltpush  |3 (RuTPU)RU\TPU\subj\2298  |9 30880 
610 1 |a единицы измерения 
610 1 |a физические величины 
610 1 |a метрическая система 
610 1 |a поверка 
675 |a 531.75  |v 3 
700 1 |a Смирнова  |b Н. А. 
801 1 |a RU  |b 63413507  |c 20140605 
801 2 |a RU  |b 63413507  |c 20210128  |g RCR 
942 |c BK